00356nam a2200121 a 450000100100000000500170001000800410002704000250006808200140009324500650010726000420017230000200021400000932320200929161544.0090929s1984 dr 000 0 spa d aDO-SdBNPbspacBNPHU axxxbxxxx10aEl hombre....... Antonio Rosario :bun ganador, un vencedor. aSanto Domingo :bAlfa y Omega,c1984. a35 p. ;c23 cm.